000 00616nam a2200241Ia 4500
003 OSt
005 20220924140237.0
006 a|||||r|||| 00| 0
007 ta
008 220923b |||||||| |||| 00| 0 ben d
024 _a294232
037 _cTextual
040 _aARTS
_cARTS
_bben
041 _2ben
_aben
082 _aO157,1M61w, M71
100 _aGupta
_9154676
245 0 _aRabindranather arthanaitik chinta
260 _c1987
650 _aBENGALI LITERATURE
700 _a Chakraborti
942 _hO157,1M61w, M71
_cTEXL
_2CC
999 _c443457
_d443457